| 000 | 00881nam a2200205 i 4500 | ||
|---|---|---|---|
| 001 | 114789 | ||
| 003 | ES-MaACL | ||
| 005 | 20240312062543.0 | ||
| 007 | t| | ||
| 008 | 070327s1935 sp |||| | spa d | ||
| 100 | 1 |
_aRíos, Fernando de los, _d1879-1949 _997398 |
|
| 245 | 1 | 4 |
_aLa "Comunidad" Internacional y la Sociedad de las Naciones _b: Ateneo de Madrid, curso de 1935-36, Centenario de la Corporación : discurso inaugural leído por Fernando de los Ríos Urruti, presidente del Ateneo, en la sesión del 19 de noviembre de 1935. |
| 260 |
_aMadrid : _b[s.n, _c1935] ( _fImp. Madrid-Aragón) |
||
| 300 |
_a46 p. ; _c22 cm. |
||
| 610 | 2 | 4 |
_aSociedad de Naciones. _96682 |
| 610 | 2 | 7 |
_aAteneo de Madrid- _vDiscursos de apertura- _yS.XX. _91913 |
| 610 | 2 | 4 |
_aAteneo de Madrid- _vConferencias- _y1900-1939 _91907 |
| 852 |
_aES-MaACL _j1804-F-17 |
||
| 999 |
_c114789 _d114789 |
||